=LDR 00000nam 2200000 4500 =001 INLIS000000000019546 =005 20130612114607 =008 ***********************************Ind** =035 ##$$0010-061300000019546 =041 ##$$a Ind =082 ##$$a R.369.4 =090 ##$$a R.369.4, Ach t =100 ##$$a Achiling, Dianne =245 ##$$a Teen success hand book, panduan sukses untuk remaja, Dianne Achilling, Davis Cowan ; penerjemah, Fahmy Yamani =260 ##$$a 2004 $b Bandung =300 ##$$a 212 hlm, 17 cm (seri panduan terjemah) =650 ##$$a Panduan remaja =850 ##$$a NBPNMAT